000
00239nam a2200097Ia 4500
001
705994
005
20250826162440.0
008
250824s9999 xx 000 0 und d
245
0
_a
SİYER KİTABIM
_c
MEHMET ERKOL
260
_b
KÜLTÜR YAYINLARI
999
_c
705994
_d
705994